1514 1924 1195 1980 1197 1874 1729 1132 1732 1934 1559 1999 1723 1074 1346 1307 1742 1461 1009 1139 1958 1418 1238 1338 1991 1789 1937 1278 1185 1225 1056 1392 1764 1736 1293 1980 1890 1937 1949 1097 1547 1489 1673 1142 1119 1389 1901 1975 1634 1438 1586 1178 1816 1602 1391 1703 1586 1422 1959 1117 1933 1254 1288 1498 1939 1850 1353 1999 1144 1934 1301 1473 1829 1145 1460 1865 1770 1225 1347 1980 1658 1810 1858 1181 1410 1537 1752 1597 1906 1367 1006 1757 1351 1834 1705 1985 1642 1375 1604 BCNSPRNW ULIB Ver.6.0+V

เปลี่ยนเป็นภาษาไทย

Change to English
 แสดงรายละเอียดบรรณานุกรม
  กลับหน้าหลัก

Brief Record : Get Marc (ISO 2709) : E-mail record : QR code < ปิดหน้าต่าง
LEADER : 00000nam 2200000uu 4500
001    13399113203
003     ULIB
008    110930s2550||||th 000 0 tha d
020    9789744896278
050 04 QA76.75^bบ242ม 2550
100 0  บอกอ ต่าย
245 10 มือใหม่ล้างเครื่อง Windows XP +Vista /^cบอกอ ต่าย
260    กรุงเทพฯ :^bซีเอ็ดยูเคชั่น,^c2550
300    234 หน้า :^bภาพประกอบ
650  7 ไมโครซอฟต์วินโดวส์วิสต้า
650  7 ล้างคอมพิวเตอร์
650  7 ไมโครซอฟต์วินโดวส์เอ๊กส์พี
650  7 ลงวินโดวส์
945    ^p99^l0^i027693
995    ทศพร
999 ^a ศิริพร
รายการนี้ยังไม่มีแท็ก
คุณยังไม่ได้ล็อกอิน คุณสามารถมีกิจกรรมร่วมกับเว็บไซต์ได้ แต่ต้องล็อกอินก่อน ::
  ล็อกอิน

รายการสื่อสารสนเทศ

ลำดับที่ ประเภท เลขเรียก/บาร์โค้ด สถานที่ สถานะ
- ไม่พบข้อมูล -

รายการใกล้เคียง
    หัวเรื่อง [ไมโครซอฟต์วินโดวส์วิสต้า]

BibComment


ยังไม่เคยถูกคอมเมนท์

คอมเมนท์ทรัพยากรรายการนี้
  คอมเมนท์: มือใหม่ล้างเครื่อ..


 Copyright 2026. Bcnsprnw @Library